| 000 | 00950nam a2200289 i 4500 | ||
|---|---|---|---|
| 001 | 192704 | ||
| 003 | SpMaBN | ||
| 005 | 20240528062747.0 | ||
| 008 | 230512s2018 sp | |||| 000 p spa | ||
| 017 |
_aAL 2824-2018 _bOficina Depósito Legal Almería |
||
| 020 | _a9788413049090 | ||
| 040 |
_aSpMaBN _bspa _cES-MaACL _erda |
||
| 080 | _a821.134.2-14"19" | ||
| 100 | 1 |
_aMuro Abad, Pedro José, _d1958- _9176589 _eaut |
|
| 245 | 1 | 0 |
_aPatética para delirandos / _cPedro José Muro Abad |
| 250 | _aPrimera edición: noviembre 2018 | ||
| 260 |
_a[Roquetas de Mar, Almería] : _bCírculo Rojo, _c2018 |
||
| 300 |
_a58 páginas ; _c21 cm |
||
| 336 |
_aTexto _2rdacontent |
||
| 337 |
_asin mediación _2rdamedia |
||
| 338 |
_avolumen _2rdacarrier |
||
| 655 | 7 |
_aPoesías _2tgfbne _9176539 |
|
| 852 |
_aES-MaACL _bR. 153260 _cDEPOJ _hDonación _jN-8330 _9200001 |
||
| 942 |
_cMONOGRAFIA _n0 |
||
| 999 |
_c192704 _d192704 |
||